|
|
|
|
| LEADER |
00000nam0a2200000 4500 |
| 001 |
24806 |
| 005 |
20231030200400.0 |
| 010 |
|
|
|a 5876230529
|
| 035 |
|
|
|a (RuTPU)RU\TPU\book\25037
|
| 035 |
|
|
|a BOOK00000045
|
| 090 |
|
|
|a 24806
|
| 100 |
|
|
|a 20011209d2000 k y0rusy50 ca
|
| 101 |
0 |
|
|a rus
|
| 102 |
|
|
|a RU
|
| 105 |
|
|
|a y z 001zy
|
| 200 |
1 |
|
|a Прошивная оправка
|f Н. М. Вавилкин, В. В. Бухмиров
|
| 210 |
|
|
|a Москва
|c МИМИС
|d 2000
|
| 215 |
|
|
|a 128 с.
|
| 320 |
|
|
|a Библиогр.: с. 125-126
|
| 610 |
1 |
|
|a трубы
|
| 610 |
1 |
|
|a производство
|
| 610 |
1 |
|
|a оправка
|
| 610 |
1 |
|
|a прошивка
|
| 610 |
1 |
|
|a прошивные станы
|
| 610 |
1 |
|
|a износостойкость
|
| 610 |
1 |
|
|a технологические инструменты
|
| 610 |
1 |
|
|a калибровка
|
| 610 |
1 |
|
|a теплообмен
|
| 610 |
1 |
|
|a теплоупругость
|
| 610 |
1 |
|
|a конструкционные стали
|
| 675 |
|
|
|a 621.774.3
|v 3
|
| 700 |
|
1 |
|a Вавилкин
|b Н. М.
|g Николай Михайлович
|
| 701 |
|
1 |
|a Бухмиров
|b В. В.
|g Вячеслав Викторович
|
| 801 |
|
0 |
|a RU
|b 63413507
|c 20011209
|g PSBO
|
| 801 |
|
2 |
|a RU
|b 63413507
|c 20081215
|g PSBO
|
| 942 |
|
|
|c BK
|